000 00277nam a22001337a 4500
008 180313b xxu||||| |||| 00| 0 eng d
020 _a9780077238933
041 _aeng
080 _a51
100 _a37
101 _aMAT
245 _aPrealgebra
_cMiller,J
942 _2udc
_cBK
999 _c44828
_d44828